[Event "POL-ch Amateur"]
[Site "Wroclaw"]
[Date "2012.06.24"]
[Round "6"]
[White "Skowronek, Janusz Andrzej"]
[Black "Kielbratowski, Maciej"]
[Result "1/2-1/2"]
[WhiteElo "1603"]
[BlackElo "1857"]
[PlyCount "64"]
[EventDate "2012.06.22"]
[EventType "swiss"]
[EventRounds "7"]
[EventCountry "POL"]
[SourceTitle "EXT 2013"]
[Source "ChessBase"]
[SourceDate "2012.11.22"]
[SourceVersion "1"]
[SourceVersionDate "2012.11.22"]
[SourceQuality "1"]

1. c4 Nf6 2. Nc3 g6 3. Nf3 Bg7 4. g3 0-0 5. Bg2 d6 6. d4 Nc6 7. 0-0 e5 8. b3 Bg4 9. h3 Bxf3 10. Bxf3 Nd7 11. d5 Ne7 12. e4 f5 13. Rb1 f4 14. g4 g5 15. Be2 Nf6 16. f3 h5 17. Bd2 Kf7 18. Kf2 c6 19. Be1 hxg4 20. hxg4 Rh8 21. Kg2 c5 22. a3 Ng6 23. b4 Nd7 24. Bf2 b6 25. Qa4 Qf6 26. Rh1 Rxh1 27. Rxh1 Qe7 28. Qc6 Rd8 29. Nb5 Nb8 30. Qa8 a6 31. Nc3 Nf8 32. bxc5 bxc5 1/2-1/2

[Event "POL-ch Amateur"]
[Site "Wroclaw"]
[Date "2012.06.23"]
[Round "4"]
[White "Skowronek, Janusz Andrzej"]
[Black "Glatty, Zbigniew"]
[Result "0-1"]
[WhiteElo "1603"]
[BlackElo "1936"]
[PlyCount "92"]
[EventDate "2012.06.22"]
[EventType "swiss"]
[EventRounds "7"]
[EventCountry "POL"]
[SourceTitle "EXT 2013"]
[Source "ChessBase"]
[SourceDate "2012.11.22"]
[SourceVersion "1"]
[SourceVersionDate "2012.11.22"]
[SourceQuality "1"]

1. c4 Nf6 2. Nc3 e6 3. Nf3 d5 4. cxd5 exd5 5. d4 c6 6. Qc2 Bd6 7. Bg5 Nbd7 8. e3 Qa5 9. Bd3 h6 10. Bh4 0-0 11. 0-0 Re8 12. Rfd1 g5 13. Bg3 Bxg3 14. hxg3 Kg7 15. a3 Ng4 16. Re1 Ndf6 17. Re2 Bd7 18. Rae1 Rad8 19. Qb3 Qb6 20. Qxb6 axb6 21. Nd2 Ng8 22. Na4 b5 23. Nc5 Bc8 24. f3 N4f6 25. g4 Ne7 26. Kf2 Nd7 27. Nxd7 Bxd7 28. Nf1 f5 29. gxf5 Nxf5 30. Bxf5 Bxf5 31. Ng3 Bg6 32. Rd2 Ra8 33. Ne2 Re7 34. Nc1 Ra4 35. Nb3 b6 36. Rc1 Be8 37. Rc3 Rea7 38. Nc1 b4 39. axb4 Rxb4 40. Nd3 Rb5 41. Ne5 Ra2 42. Nxc6 Rbxb2 43. Rxb2 Rxb2+ 44. Kg3 Kf8 45. Ne5 Ba4 46. e4 Bb5 0-1